000 00941nam a2200301 a 4500
001 000110254
003 CHAP
005 20220329144124.0
008 140806s2013 mx ad |r| |||1|||spa d
010 _a106716
011 _a107688
020 _a9786077151579
040 _cCHAP
082 0 4 _a631.523
_bA94
245 0 0 _aAvances de investigación 2012 :
_bPosgrado en recursos genéticos y producctividad-genética /
_cCompilado por Serafín Cruz Izquierdo.
260 _aMontecillo, Méx. :
_bC.P.,
_c[2013].
300 _a92 p. :
_bil., gráfs.
590 _aE11695DGD
_b10
_c20140811
_lUCH01
_h1437
590 _aE5652GLJ
_b05
_c20140806
_lUCH01
_h1215
650 1 4 _aCereales
_xGenética.
_921421
650 1 4 _aCultivos
_xVariedades.
_930332
650 1 4 _aLeguminosas
_xGenética.
_965826
650 1 4 _aMaíz
_xGenética.
_970963
700 0 _aCruz Izquierdo, Serafín
_ecomp.
_929453
901 _aBK
942 _cLIBRO
942 _n0
999 _c106716
_d106716